书目信息 |
| 题名: |
绿林赤眉起义
|
|
| 作者: | 陈振 著 | |
| 分册: | ||
| 出版信息: | 北京 中华书局 1974 |
|
| 页数: | 56页 | |
| 开本: | 19cm | |
| 丛书名: | 中国历史故事小丛书 | |
| 单 册: | ||
| 中图分类: | K234.101 | |
| 科图分类: | ||
| 主题词: | 绿林赤眉起义战争(公元17-27) | |
| 电子资源: | ||
| ISBN: | ||
| 000 | 00675nam2 2200253 45 | |
| 001 | 0177000254 | |
| 005 | 20060926081509.81 | |
| 010 | @dCNY0.13 | |
| 100 | @a19951017d1974 em y0chiy0121 ea | |
| 101 | 0 | @achi |
| 102 | @aCN@b110000 | |
| 102 | @aCN@b110000 | |
| 105 | @ay z 000yy | |
| 200 | 10 | @a绿林赤眉起义@Alv lin chi mei qi yi@f陈振著@Fchen zhen zhu |
| 210 | @a北京@c中华书局@d1974 | |
| 215 | @a56页@d19cm | |
| 225 | 2 | @a中国历史故事小丛书 |
| 300 | @a历史知识读物 | |
| 606 | @a绿林赤眉起义战争(公元17-27) | |
| 690 | @aK234.101@v3 | |
| 701 | 0 | @a陈振@Achen zhen@4著 |
| 801 | 2 | @aCN@bNLC@c20060926 |
| 801 | 0 | @aCN@bTSSF@c20060801 |
| 905 | @a10447@dK234.101@e30 | |
| 绿林赤眉起义/陈振著.-北京:中华书局,1974 |
| 56页;19cm.-(中国历史故事小丛书) |
| 历史知识读物 |
| ISBN :CNY0.13 |
| ● |
| 相关链接 |
|
|
|
|
正题名:绿林赤眉起义
索取号:K234.101/30
 
预约/预借
| 序号 | 登录号 | 条形码 | 馆藏地/架位号 | 状态 | 备注 |
| 1 | 0422940 | 204229405 | 密集书库/ [索取号:K234.101/30] | 在馆 | |
| 2 | 0436606 | 204366060 | 密集书库/ [索取号:K234.101/30] | 在馆 | |
| 3 | 0444095 | 204440952 | 密集书库/ [索取号:K234.101/30] | 在馆 |